000 00600nam a2200229Ia 4500
003 OSt
005 20230508150602.0
008 210423s2011 xx 000 0 und d
020 _a9788173196546
040 _cAL
041 _aeng
082 _a530.143 LAHA
_223
100 _aLAHIRI (Amitabha);PAL (Palash B).
_999971
245 _aFirst book of quantum field theory.
250 _a2
260 _aNew Delhi
_bNarosa Publishing House
_c2011
300 _axvii,380
_bPB
365 _b375
_cINR
650 _aPhysics
_999972
906 _afield ; First ; quantum ; theory.
942 _2ddc
_cBK
999 _c162480
_d162480